[Event "Victoria op"]
[Site "Victoria"]
[Date "2019.01.19"]
[Round "3.2"]
[White "Kagaoan, Jose"]
[Black "Moore, Harry"]
[Result "1-0"]
[WhiteElo "1967"]
[BlackElo "2163"]
[PlyCount "103"]
[EventDate "2019.01.18"]
[EventType "swiss"]
[EventRounds "5"]
[EventCountry "CAN"]
[SourceTitle "EXT 2022"]
[Source "ChessBase"]
[SourceDate "2021.10.06"]
[SourceVersion "1"]
[SourceVersionDate "2021.10.06"]
[SourceQuality "1"]

1. e4 Nf6 2. Bc4 Nxe4 3. Bxf7+ Kxf7 4. Qh5+ Kg8 5. Qd5+ e6 6. Qxe4 d5 7. Qe2 Nc6 8. Nf3 Qf6 9. Nc3 a6 10. d3 Bd6 11. Bg5 Qf7 12. d4 Bd7 13. 0-0-0 b5 14. Qd2 h6 15. Be3 Kh7 16. h4 Rhb8 17. h5 a5 18. Nh4 b4 19. Ne2 a4 20. g4 b3 21. a3 Na5 22. g5 hxg5 23. Qd3+ Kg8 24. h6 gxh4 25. Rdg1 Bb5 26. c4 Bxc4 27. Qb1 Qf5 28. Rxg7+ Kh8 29. Qxf5 exf5 30. Nf4 Bxf4 31. Bxf4 Re8 32. Rxc7 Re4 33. Be5+ Rxe5 34. dxe5 Re8 35. f4 Bd3 36. Rxh4 Nc4 37. h7 Be4 38. Rh6 Ne3 39. Rd6 Ng2 40. e6 Nxf4 41. e7 Nd3+ 42. Kd2 Kxh7 43. Rd8 Rxe7 44. Rxe7+ Kg6 45. Kc3 Kf6 46. Ree8 Nf4 47. Rd6+ Kg5 48. Rg8+ Kh5 49. Kd4 Ne2+ 50. Ke3 Nc3 51. bxc3 b2 52. Kf4 1-0

[Event "British Columbia-ch Senior"]
[Site "Surrey"]
[Date "2018.06.24"]
[Round "4.2"]
[White "Kagaoan, Jose"]
[Black "McLaren, Brian"]
[Result "0-1"]
[WhiteElo "1944"]
[BlackElo "2130"]
[PlyCount "130"]
[EventDate "2018.06.22"]
[EventType "swiss"]
[EventRounds "5"]
[EventCountry "CAN"]
[SourceTitle "EXT 2022"]
[Source "ChessBase"]
[SourceDate "2021.10.06"]
[SourceVersion "1"]
[SourceVersionDate "2021.10.06"]
[SourceQuality "1"]

1. e4 Nf6 2. e5 Nd5 3. d4 d6 4. Nf3 Bg4 5. Bc4 dxe5 6. dxe5 e6 7. 0-0 c6 8. Re1 Nd7 9. Nbd2 Be7 10. Nf1 Qc7 11. h3 Bh5 12. Qe2 0-0 13. g4 Bg6 14. h4 h5 15. g5 Nb4 16. Bd3 Bxd3 17. cxd3 g6 18. a3 Nd5 19. Bd2 Rfd8 20. d4 c5 21. Rac1 Qb6 22. Bc3 Rac8 23. Ng3 Nxc3 24. bxc3 cxd4 25. cxd4 Rxc1 26. Rxc1 Bxa3 27. Rc2 Nb8 28. Ne4 Nc6 29. Nf6+ Kg7 30. d5 exd5 31. Rd2 Ne7 32. Nd4 Bc5 33. Rb2 Qa6 34. Qxa6 bxa6 35. Nb3 Bb6 36. Ra2 Nf5 37. Na5 Bxa5 38. Rxa5 d4 39. Ne4 Nxh4 40. Nd2 Nf5 41. Rxa6 Rd7 42. Kf1 Kf8 43. Ke2 Ke8 44. Ne4 Kd8 45. Kd3 Kc8 46. e6 fxe6 47. Rxe6 Rg7 48. Nf6 h4 49. Re1 Rb7 50. Re8+ Kc7 51. Rg8 Rb3+ 52. Kc2 Rf3 53. Ne4 h3 54. Rh8 Rf4 55. Kd3 Rh4 56. Rxh4 Nxh4 57. f4 h2 58. Nf2 Nf5 59. Ke4 Kd6 60. Kf3 a5 61. Kg2 a4 62. Kxh2 a3 63. Ne4+ Kd5 64. Nd2 a2 65. Nb3 d3 0-1

[Event "British Columbia-Washington m B"]
[Site "Victoria"]
[Date "2017.01.15"]
[Round "5.5"]
[White "Seshadri, Sridhar"]
[Black "Kagaoan, Jose"]
[Result "1/2-1/2"]
[WhiteElo "1672"]
[BlackElo "1996"]
[PlyCount "89"]
[EventDate "2017.01.13"]
[EventType "team"]
[EventRounds "5"]
[EventCountry "CAN"]
[SourceTitle "EXT 2022"]
[Source "ChessBase"]
[SourceDate "2021.10.06"]
[SourceVersion "1"]
[SourceVersionDate "2021.10.06"]
[SourceQuality "1"]

1. d4 h6 2. c4 g5 3. Nc3 Bg7 4. e4 c5 5. Be3 Qa5 6. Nge2 Nf6 7. Qc2 cxd4 8. Nxd4 d6 9. Be2 Nc6 10. Nxc6 bxc6 11. 0-0 Ng4 12. Bxg4 Bxg4 13. f3 Be6 14. Ne2 Qb4 15. Bd4 Bxd4+ 16. Nxd4 Bd7 17. b3 d5 18. Rfc1 Qc5 19. Qf2 e5 20. Nf5 Qxf2+ 21. Kxf2 Bxf5 22. exf5 d4 23. Rd1 Ke7 24. Rd3 h5 25. b4 Kf6 26. Rb1 Kxf5 27. Rbb3 Ke6 28. Ra3 Rhb8 29. Ra6 Rxb4 30. Rxc6+ Kd7 31. Rf6 Ke7 32. Rc6 Rb2+ 33. Kg3 Rxa2 34. Rb3 Rd8 35. Rd3 f5 36. Rb3 Kd7 37. Rh6 h4+ 38. Kh3 Kc7 39. c5 Rc2 40. Ra3 Rxc5 41. Rxa7+ Kb8 42. Rha6 Rdc8 43. Rd7 Rb5 44. Rf6 Rb7 45. Rd5 1/2-1/2

[Event "British Columbia-op"]
[Site "Richmond"]
[Date "2016.02.08"]
[Round "5.10"]
[White "Roback, Joe"]
[Black "Kagaoan, Jose"]
[Result "0-1"]
[WhiteElo "2049"]
[BlackElo "2024"]
[PlyCount "76"]
[EventDate "2016.02.06"]
[EventType "swiss"]
[EventRounds "6"]
[EventCountry "CAN"]
[SourceTitle "EXT 2022"]
[Source "ChessBase"]
[SourceDate "2021.10.06"]
[SourceVersion "1"]
[SourceVersionDate "2021.10.06"]
[SourceQuality "1"]

1. e4 g5 2. Bc4 d6 3. Nc3 Nf6 4. d3 h6 5. Nge2 c5 6. Ng3 Nc6 7. Nh5 e6 8. 0-0 Nxh5 9. Qxh5 Bg7 10. Ne2 d5 11. Bb5 Qb6 12. Ba4 Bd7 13. c3 0-0-0 14. Qxf7 Rhg8 15. Qf3 Rdf8 16. Qe3 Kb8 17. Bd1 Be5 18. a4 a5 19. Rb1 Bf4 20. Nxf4 gxf4 21. Qh3 Ne5 22. b4 f3 23. g3 Nxd3 24. Be3 dxe4 25. Bc2 Qd8 26. bxa5 e5 27. Qxh6 Rf6 28. Qh7 Bc8 29. Qxe4 Qd7 30. a6 Rg4 31. Qxd3 Qf7 32. Qd8 Rxa6 33. Rxb7+ Qxb7 34. Rb1 Qxb1+ 35. Bxb1 Rgxa4 36. Bxc5 Rc6 37. Bb4 Rxb4 38. Bf5 Rd4 0-1

[Event "British Columbia-op"]
[Site "Richmond"]
[Date "2016.02.07"]
[Round "3.7"]
[White "Doknjas, Joshua"]
[Black "Kagaoan, Jose"]
[Result "1-0"]
[WhiteElo "2178"]
[BlackElo "2024"]
[PlyCount "109"]
[EventDate "2016.02.06"]
[EventType "swiss"]
[EventRounds "6"]
[EventCountry "CAN"]
[SourceTitle "EXT 2022"]
[Source "ChessBase"]
[SourceDate "2021.10.06"]
[SourceVersion "1"]
[SourceVersionDate "2021.10.06"]
[SourceQuality "1"]

1. e4 b6 2. d4 e6 3. Bd3 Bb7 4. Nf3 d6 5. c4 g6 6. Nc3 Bg7 7. Bg5 f6 8. Be3 Nd7 9. h4 h5 10. Qc2 Ne7 11. 0-0-0 a6 12. Rhg1 c6 13. e5 Nf8 14. Ne4 Nf5 15. Nxd6+ Nxd6 16. exd6 f5 17. c5 b5 18. Bg5 Bf6 19. Rge1 Kf7 20. Qb3 Kg7 21. g3 Bc8 22. Qc2 Bd7 23. Qe2 Nh7 24. Bf4 Re8 25. Ne5 Nf8 26. Qd2 Ra7 27. Bh6+ Kh7 28. Nf7 Qc8 29. Bxf8 Kg8 30. Be7 Kxf7 31. Bxf6 Kxf6 32. Re5 Qd8 33. f3 Kf7 34. Rh1 Rh8 35. Qf2 Qf6 36. Bc2 a5 37. Qe1 Kg7 38. Kb1 Bc8 39. Bb3 Re8 40. g4 a4 41. Bc2 Rh8 42. gxf5 gxf5 43. f4 Kh6 44. Rg1 Rg7 45. Rg5 Rg6 46. Bd1 Kg7 47. Bxh5 Rxg5 48. fxg5 Qd8 49. Bf3 Bd7 50. Re2 Qg8 51. Qg3 Kf7 52. h5 Qg7 53. Qh4 a3 54. h6 axb2 55. Bh5+ 1-0

[Event "British Columbia-op"]
[Site "Richmond"]
[Date "2016.02.07"]
[Round "4.8"]
[White "Kagaoan, Jose"]
[Black "McLaren, Brian"]
[Result "0-1"]
[WhiteElo "2024"]
[BlackElo "2086"]
[PlyCount "108"]
[EventDate "2016.02.06"]
[EventType "swiss"]
[EventRounds "6"]
[EventCountry "CAN"]
[SourceTitle "EXT 2022"]
[Source "ChessBase"]
[SourceDate "2021.10.06"]
[SourceVersion "1"]
[SourceVersionDate "2021.10.06"]
[SourceQuality "1"]

1. d4 f5 2. Nf3 Nf6 3. e3 e6 4. Bd3 d5 5. Ne5 Bd6 6. 0-0 0-0 7. f4 c5 8. c3 Nc6 9. Nd2 Bd7 10. Ndf3 Be8 11. Ng5 Qe7 12. h3 h6 13. Ngf3 Bh5 14. Qe1 Bxf3 15. Rxf3 Bxe5 16. fxe5 Ne4 17. b3 Qc7 18. a4 Qb6 19. Bxe4 dxe4 20. Rf2 cxd4 21. exd4 Qxb3 22. Rb2 Qd5 23. Rb5 Qd7 24. Rab1 b6 25. Ba3 Rfc8 26. Qg3 Na5 27. Bc1 Kh7 28. h4 Rc4 29. h5 Qf7 30. Qh3 Rac8 31. Bd2 Rxa4 32. Rf1 Ra2 33. Be1 Rf8 34. c4 Qd7 35. d5 Nxc4 36. Rb3 Qxd5 37. Rg3 Rf7 38. Bc3 Rc2 39. Rg6 Nxe5 40. Bxe5 Qxe5 41. Qb3 Qc5+ 42. Kh1 Qc4 43. Qxc4 Rxc4 44. Rxe6 f4 45. g4 Rb4 46. Rd1 f3 47. Kg1 a5 48. Kf2 Rb2+ 49. Kg3 Rg2+ 50. Kh3 Re2 51. Rf1 b5 52. Kg3 b4 53. Ra6 f2 54. Rxa5 e3 0-1

[Event "Richmond Keres Memorial 40th"]
[Site "Richmond"]
[Date "2015.05.18"]
[Round "5.5"]
[White "Moore, Harry"]
[Black "Kagaoan, Jose"]
[Result "1-0"]
[WhiteElo "2200"]
[BlackElo "2013"]
[PlyCount "68"]
[EventDate "2015.05.16"]
[EventType "swiss"]
[EventRounds "6"]
[EventCountry "CAN"]
[SourceTitle "EXT 2019"]
[Source "ChessBase"]
[SourceDate "2018.10.10"]
[SourceVersion "1"]
[SourceVersionDate "2018.10.10"]
[SourceQuality "1"]

1. e4 b6 2. d4 Bb7 3. Bd3 e6 4. Nf3 d6 5. 0-0 Nd7 6. Nc3 Ne7 7. Bg5 h6 8. Bh4 g5 9. Bg3 Bg7 10. e5 d5 11. h4 Nf5 12. Qd2 g4 13. Bxf5 exf5 14. Nh2 Nf8 15. f3 Qd7 16. fxg4 fxg4 17. a4 a6 18. Rf4 Ne6 19. Rf2 h5 20. Raf1 Bh6 21. Qd3 Rf8 22. Rf5 c5 23. Rxh5 c4 24. Qe2 Nxd4 25. Qf2 Rh8 26. Rxh6 Rxh6 27. Qxd4 0-0-0 28. Rf4 Rg8 29. Nf1 b5 30. axb5 axb5 31. Ne3 Rd8 32. Nf5 Ra6 33. Nd6+ Rxd6 34. exd6 f5 1-0

[Event "Richmond Keres Memorial 40th"]
[Site "Richmond"]
[Date "2015.05.17"]
[Round "3.12"]
[White "Escandor, Manuel Omana"]
[Black "Kagaoan, Jose"]
[Result "0-1"]
[WhiteElo "1653"]
[BlackElo "2013"]
[PlyCount "81"]
[EventDate "2015.05.16"]
[EventType "swiss"]
[EventRounds "6"]
[EventCountry "CAN"]
[SourceTitle "EXT 2019"]
[Source "ChessBase"]
[SourceDate "2018.10.10"]
[SourceVersion "1"]
[SourceVersionDate "2018.10.10"]
[SourceQuality "1"]

1. d4 f5 2. Nf3 Nf6 3. Nc3 e6 4. a3 d5 5. e3 a6 6. Ne5 c5 7. dxc5 Bxc5 8. Be2 Nc6 9. Nd3 Bd6 10. Bf3 Qc7 11. h3 0-0 12. Bd2 Bd7 13. Rc1 Rad8 14. 0-0 Be8 15. b4 b5 16. a4 bxa4 17. Nxa4 Nxb4 18. Nxb4 Bxa4 19. Nxa6 Qc4 20. Be2 Qh4 21. Qe1 Rc8 22. c3 g5 23. Ra1 Bb3 24. f4 Ne4 25. Qxh4 gxh4 26. Be1 Nxc3 27. Bxc3 Rxc3 28. Kf2 Rc2 29. Kf3 Rfc8 30. Rfb1 R2c3 31. Kf2 d4 32. exd4 Bxf4 33. Nb4 Be3+ 34. Ke1 Bxd4 35. Nd3 Bc2 36. Rb4 Rxd3 37. Bxd3 Bxa1 38. Rc4 Bc3+ 39. Rxc3 Rxc3 40. Kd2 Rxd3+ 41. Kxc2 0-1

[Event "Victoria Grand Pacific op 8th"]
[Site "Victoria"]
[Date "2014.04.20"]
[Round "4"]
[White "Kagaoan, Jose"]
[Black "Kenney, Jason"]
[Result "1-0"]
[WhiteElo "2003"]
[BlackElo "2189"]
[PlyCount "35"]
[EventDate "2014.04.18"]
[EventType "swiss"]
[EventRounds "6"]
[EventCountry "CAN"]
[SourceTitle "CBM 160 Extra"]
[Source "ChessBase"]
[SourceDate "2014.07.01"]
[SourceVersion "1"]
[SourceVersionDate "2014.07.01"]
[SourceQuality "1"]

1. f4 c5 2. Nf3 Nc6 3. e3 g6 4. d4 d5 5. c3 cxd4 6. exd4 Bg4 7. Nbd2 e6 8. h3 Bf5 9. g4 Be4 10. Nxe4 dxe4 11. Ng5 h6 12. Nxe4 Qh4+ 13. Nf2 0-0-0 14. Qf3 Bd6 15. Bg2 Qe7 16. 0-0 f6 17. Re1 g5 18. d5 1-0

[Event "Victoria Grand Pacific op 8th"]
[Site "Victoria"]
[Date "2014.04.20"]
[Round "5"]
[White "Sohal, Tanraj"]
[Black "Kagaoan, Jose"]
[Result "1-0"]
[WhiteElo "2355"]
[BlackElo "2003"]
[PlyCount "60"]
[EventDate "2014.04.18"]
[EventType "swiss"]
[EventRounds "6"]
[EventCountry "CAN"]
[SourceTitle "CBM 160 Extra"]
[Source "ChessBase"]
[SourceDate "2014.07.01"]
[SourceVersion "1"]
[SourceVersionDate "2014.07.01"]
[SourceQuality "1"]

1. d4 d6 2. Nf3 g6 3. c4 Bg7 4. Nc3 Nh6 5. e4 f6 6. h4 Bg4 7. Be2 Nf7 8. d5 c5 9. Ng1 Bc8 10. Nh3 Na6 11. f4 Nc7 12. Qc2 a6 13. f5 Bd7 14. Nf4 Ne5 15. h5 Qc8 16. h6 Bf8 17. Ne6 Bxe6 18. fxe6 Kd8 19. Bd2 g5 20. Nd1 Rb8 21. Ne3 Rg8 22. b4 Rg6 23. bxc5 Rxh6 24. Rxh6 Bxh6 25. cxd6 Nxe6 26. dxe7+ Kxe7 27. Nf5+ Kd8 28. dxe6 Bf8 29. 0-0-0 Ba3+ 30. Kb1 Kc7 1-0